[Event "zonal 1.2a (w)"]
[Site "Ptuj SLO"]
[Date "1995.04.17"]
[Round "11"]
[White "Kachiani-Gersinska, Ketino"]
[Black "Olbrich, Marina"]
[Result "1/2-1/2"]
[WhiteElo "2380"]
[BlackElo "2280"]
[EventDate "1995.04.05"]
[PlyCount "86"]

1.d4 Nf6 2.c4 g6 3.Nc3 Bg7 4.e4 d6 5.Be2 O-O 6.Bg5 c5 7.d5 h6 8.Be3 e6 9.
Qd2 exd5 10.cxd5 Re8 11.f3 h5 12.Bg5 a6 13.a4 Qc7 14.Ra3 Nh7 15.Be3 Qe7 
16.Bd3 Nd7 17.Nge2 Ne5 18.O-O f5 19.Nf4 Nf6 20.Be2 g5 21.Ne6 f4 22.Bf2 
Bxe6 23.dxe6 Qxe6 24.Rd1 Nf7 25.Nd5 Nxd5 26.Bc4 Qe7 27.Qxd5 Be5 28.Rb3 
Rab8 29.h3 Kg7 30.Be1 Bd4+ 31.Bf2 Bxf2+ 32.Kxf2 Ne5 33.Rb6 Red8 34.b3 Nc6 
35.h4 g4 36.Qxh5 g3+ 37.Ke1 Qf6 38.Qg5+ Qxg5 39.hxg5 Nd4 40.Kd2 Rh8 41.Rg1
Rh2 42.Kd3 Rbh8 43.e5 dxe5 1/2-1/2

[Event "zonal 1.2a (w)"]
[Site "Ptuj SLO"]
[Date "1995.04.17"]
[Round "11"]
[White "Krmelj, Natasa"]
[Black "Grosar, Kiti"]
[Result "1/2-1/2"]
[WhiteElo "2045"]
[BlackElo "2215"]
[EventDate "1995.04.05"]
[PlyCount "21"]

1.d4 Nf6 2.c4 g6 3.Nc3 Bg7 4.e4 d6 5.Be2 O-O 6.Bg5 h6 7.Be3 e5 8.dxe5 dxe5
9.Qxd8 Rxd8 10.Nd5 Nxd5 11.cxd5 1/2-1/2

[Event "zonal 1.2a (w)"]
[Site "Ptuj SLO"]
[Date "1995.04.17"]
[Round "11"]
[White "Lematschko, Tatjana"]
[Black "Heinatz, Gundula"]
[Result "1-0"]
[WhiteElo "2315"]
[BlackElo "2220"]
[EventDate "1995.04.05"]
[PlyCount "78"]

1.d4 d5 2.Nf3 e6 3.e3 c5 4.b3 Nc6 5.Bb2 Nf6 6.a3 a6 7.Ne5 Qc7 8.f4 Bd7 9.
c3 g6 10.Bd3 Bg7 11.Nd2 Ne7 12.Qf3 cxd4 13.exd4 Qb6 14.Nxd7 Nxd7 15.a4 O-O
16.a5 Qa7 17.Qe2 Rac8 18.Nf3 Nc6 19.Bc1 b5 20.axb6 Qxb6 21.Bd2 a5 22.Rb1 
Rce8 23.Be3 Nf6 24.Ne5 Rd8 25.O-O Nd7 26.Nf3 f5 27.Bf2 Rfe8 28.Bb5 Re7 29.
Ne5 Ncb8 30.c4 Nf6 31.c5 Qc7 32.Bh4 Ne4 33.Bxe7 Qxe7 34.Ra1 g5 35.Rfc1 
gxf4 36.Nf3 Qc7 37.Qe1 a4 38.Rxa4 e5 39.Qa5 Qxa5 1-0

[Event "zonal 1.2a (w)"]
[Site "Ptuj SLO"]
[Date "1995.04.17"]
[Round "11"]
[White "Trabert, Bettina"]
[Black "Borek, Jutta"]
[Result "1-0"]
[WhiteElo "2210"]
[BlackElo "2110"]
[EventDate "1995.04.05"]
[PlyCount "85"]

1.e4 c5 2.c3 e6 3.d4 d5 4.exd5 exd5 5.Be3 c4 6.b3 cxb3 7.axb3 Bd6 8.Qf3 
Ne7 9.Bd3 Nd7 10.Ne2 Nf6 11.h3 h6 12.O-O Ng6 13.Ng3 Nh4 14.Qe2 O-O 15.Nd2 
Re8 16.c4 Bf4 17.Nh5 Nxh5 18.Qxh5 Rxe3 19.fxe3 Bxe3+ 20.Kh1 g6 21.Qe2 Bxd4
22.Rad1 Bf5 23.Nf3 dxc4 24.Bxc4 Nxf3 25.Qxf3 Qh4 26.Bxf7+ Kh7 27.Qf4 Qxf4 
28.Rxf4 Be5 29.Ra4 b6 30.Bd5 Rd8 31.Rxa7+ Kh8 32.Ra8 Rxa8 33.Bxa8 Bg3 34.
Bd5 Kg7 35.Kg1 Kf6 36.Rc1 Bd6 37.Rc6 Ke5 38.Bf3 h5 39.Kf1 Bc5 40.Ke2 Kd4 
41.b4 Bd3+ 42.Kf2 Kc4+ 43.bxc5 1-0